| 000 | 00641nam a2200205 4500 | ||
|---|---|---|---|
| 001 | 118959 | ||
| 003 | ES-MaACL | ||
| 007 | t| | ||
| 008 | 070214m19011908sp r ||||1| spa d | ||
| 100 | 1 |
_aPicard, Emile. _991773 |
|
| 245 | 1 | 0 |
_aTraité d'Analyse / _cpar Emile Picard. |
| 250 | _a2e éd. | ||
| 260 |
_aParis : _bGauthier-Villars, _c1901-1908. |
||
| 300 |
_a3 v. : _bil. ; _c25 cm. |
||
| 490 | 1 | _aCours de la Faculté des Sciences de Paris | |
| 710 | 2 |
_aUniversité de París. _bFaculté des Sciences. _97486 |
|
| 830 | 0 |
_aCours de la Faculté des Sciences de Paris _9188388 |
|
| 852 |
_aES-MaACL _jG-14052-4 |
||
| 999 |
_c118959 _d118959 |
||